000 00646nam a2200229Ia 4500
005 20260429111927.0
008 260429s9999||||xx |||||||||||||| ||und||
020 _a9789392791475
041 _aEnglish
082 _a372.86
_bSIN
100 _aSingh, Rajpoot Yajuvendra
245 0 _aElementary physical education pedagogy /
_cRajpoot Yajuvendra Singh
250 _a1st ed.
260 _aNew Delhi :
_bFriends Publications (India),
_c2024.
300 _a272 p.; hb
650 _a Pedagogy
650 _a Sports education
650 _a Teaching methods
650 _aPhysical education
700 _a Mukesh, Narwariya
942 _cTB
999 _c51468
_d51468